| 000 | 00369 a2200157 4500 | ||
|---|---|---|---|
| 001 | 61054 | ||
| 020 | _a8526220853 | ||
| 040 | _cAnchieta - Pituba | ||
| 100 | _aSantos, Rubens Pereira dos | ||
| 240 | 1 | 0 |
_aPoetas românticos brasileiros _lpor |
| 245 | 1 | 0 | _aPoetas românticos brasileiros |
| 300 | _a72 | ||
| 362 | 0 | _a1997 | |
| 650 | 4 | _aPoesia brasileira | |
| 942 | _cBK | ||
| 999 |
_c61054 _d61054 |
||